| 000 | 00627nam a2200157 a 4500 | ||
|---|---|---|---|
| 001 | 000026230 | ||
| 005 | 20200930024419.0 | ||
| 008 | 110307s1959 dr 000 0 spa d | ||
| 040 |
_aDO-SdBNP _bspa _cBNPHU |
||
| 100 | 1 |
_aComprés Pérez, Rafael _953259 |
|
| 245 | 1 | 3 |
_aLa República Dominicana y España : _buna misma religión, una misma cultura y un destino común; mensajes y discursos / _cRafael Comprés Pérez. |
| 260 |
_aMadrid : _bEditora Taller Gráfico Cies, _c1959. |
||
| 500 | _aMensaje y discursos del excelentísimo Sr. D. Rafael Comprés Pérez | ||
| 500 | _aIncluye notas al pie de las páginas | ||
| 049 | _aBNPD | ||
| 999 |
_c25722 _d25722 |
||